| 000 | 00533 a2200217 4500 | ||
|---|---|---|---|
| 001 | 112825 | ||
| 020 | _a9780471345275 | ||
| 041 | _aeng | ||
| 082 | _aP Year 3 394 | ||
| 100 | _aJones, Lynda. | ||
| 300 | _a124 p. | ||
| 697 | _aHolidays. | ||
| 697 | _aFestivals. | ||
| 697 | _aHolidays & celebrations. | ||
| 856 | _u000001/00000176.jpg | ||
| 040 |
_aBR-BrIDEA _cBR-BrIDEA |
||
| 090 |
_aP Year 3 394 _bJON |
||
| 245 | 1 | 0 |
_aKids around the world celebrate! _c Lynda Jones |
| 260 |
_a[s.l.] _bJossey-Bass _c2000 |
||
| 942 | _cBK | ||
| 999 |
_c112825 _d112825 |
||